Estructura y totalidad psíquica

Na minha lista:
Detalhes bibliográficos
Autor principal: Krueger, Félix (Author)
Formato: Livro
Idioma:espanhol
Publicado em: Buenos Aires Juárez Editor 1969
Edição:2a. ed
Assuntos:
Tags: Adicionar Tag
Sem tags, seja o primeiro a adicionar uma tag!

MARC

LEADER 00000cam a2200000 a 4500
001 UCG9167
003 CL-VaPUC
008 120127e19690000AG |||||||||||||||||spa|d
082 0 4 |a 150.1982  |b KRU  |2 21 
100 0 |a Krueger, Félix  |e author  |9 560618 
245 1 0 |a Estructura y totalidad psíquica 
250 |a 2a. ed 
300 |a 230 p 
942 |c BK 
945 |d 20120127 00:00:00  |a dcastane 
260 |a Buenos Aires  |b Juárez Editor  |c 1969 
650 0 |a Psicología   |9 257863 
650 7 |a GESTALT  |2 CL-VaPUC  |9 560619 
583 |a last modification  |c 20120127 09:50:00  |k Rodrigo Vera 
999 |c 346734  |d 346732 
952 |0 0  |1 0  |4 0  |6 150_198200000000000_KRU_1969  |7 0  |8 P  |9 447550  |a BIBEDU  |b BIBEDU  |c BIBEDU_PB  |d 2019-11-22  |i 4837258  |o 150.1982 KRU 1969  |p 4837258  |r 2024-01-25  |w 2019-11-22  |y BK  |k PSI